The Body as a medium of expression : (Record no. 1127)

MARC details
000 -LEADER
fixed length control field 00995cam a2200277 i 4500
005 - DATE AND TIME OF LATEST TRANSACTION
control field 20260322212048.0
008 - FIXED-LENGTH DATA ELEMENTS--GENERAL INFORMATION
fixed length control field data
010 ## - LIBRARY OF CONGRESS CONTROL NUMBER
LC control number 75331411
020 ## - INTERNATIONAL STANDARD BOOK NUMBER
International Standard Book Number 0525473823 :
Terms of availability {dollar}6.95
020 ## - INTERNATIONAL STANDARD BOOK NUMBER
International Standard Book Number 9780525473824 :
Terms of availability {dollar}6.95
040 ## - CATALOGING SOURCE
Original cataloging agency DLC
Transcribing agency DLC
Modifying agency CtY
050 0# - LIBRARY OF CONGRESS CALL NUMBER
Classification number BF637.C45
Item number B6
090 ## - LOCALLY ASSIGNED LC-TYPE CALL NUMBER (OCLC); LOCAL CALL NUMBER (RLIN)
Classification number (OCLC) (R) ; Classification number, CALL (RLIN) (NR) BF 637 .C45 B445b B6
001 - CONTROL NUMBER
control field data
245 04 - TITLE STATEMENT
Title The Body as a medium of expression :
Remainder of title essays based on a course of lectures given at the Institute of Contemporary Arts, London /
Statement of responsibility, etc. edited by Jonathan Benthall, Ted Polhemus & Institute of Contemporary Arts (London, England).
250 ## - EDITION STATEMENT
Edition statement 1st ed.
260 0# - PUBLICATION, DISTRIBUTION, ETC.
Place of publication, distribution, etc. New York :
Name of publisher, distributor, etc. Dutton,
Date of publication, distribution, etc. 1975.
300 ## - PHYSICAL DESCRIPTION
Extent 339 p., [8] leaves of plates :
Other physical details ill. ;
Dimensions 21 cm.
500 ## - GENERAL NOTE
General note "A Dutton paperback."
504 ## - BIBLIOGRAPHY, ETC. NOTE
Bibliography, etc. note Includes bibliographical references and index.
590 ## - LOCAL NOTE (RLIN)
Local note Includes index
650 #0 - SUBJECT ADDED ENTRY--TOPICAL TERM
Topical term or geographic name entry element Body language.
700 1# - ADDED ENTRY--PERSONAL NAME
Personal name Benthall, Jonathan.
700 1# - ADDED ENTRY--PERSONAL NAME
Personal name Polhemus, Ted.
710 2# - ADDED ENTRY--CORPORATE NAME
Corporate name or jurisdiction name as entry element Institute of Contemporary Arts (London, England)
Holdings
Withdrawn status Lost status Damaged status Not for loan Home library Current library Shelving location Date acquired Total checkouts Full call number Barcode Date last seen Price effective from Koha item type
        Centerville Centerville General stacks 22/03/2026   BF637.C45 B6 BC0011164 22/03/2026 22/03/2026 Books